What Do They Study? - Statistics

General Stats
  • This quiz has been taken 91 times
  • The average score is 15 of 22
Answer Stats
Person Field of Study % Correct
Cardiologist Heart
100%
Dentist Tooth
99%
Botanist Plants
96%
Dermatologist Skin
95%
Geologist Earth
92%
Podiatrist Foot
85%
Seismologist Earthquake
82%
Meteorologist Weather
81%
Cartograper Maps
80%
Hematologist Blood
77%
Ornithologist Birds
72%
Oncologist Cancer
66%
Entomologist Insects
64%
Paleontologist Fossils
61%
Etymologist Words
59%
Arborist Trees
57%
Ichthyologist Fish
45%
Nephrologist Kidney
45%
Herpetologist Reptiles
45%
Sinologist China
30%
Lepidopterist Butterfly
23%
Oenologist Wine
23%
No matching quizzes found
Score Distribution
Percent of People with Each Score
Percentile by Number Answered
Your Score History
You have not taken this quiz